10 losowych flag państw świata 1# - Statystyki

Ogólne statystyki
  • Ten quiz został rozwiązany 33 razy
  • Średni wynik to 9 z 10
Statystyki odpowiedzi
Obrazkowy Odpowiedź % Poprawnych
Indonezja
100%
Bangladesz
94%
Bhutan
94%
Malezja
91%
Kirgistan
85%
Barbados
82%
Uzbekistan
82%
Trynidad i Tobago
79%
Kongo
73%
Lesotho
73%
Nie znaleziono quizów pasujących do podanych kryteriów
Rozkład punktacji
Procent ludzi z każdym wynikiem
Percentyl według liczby udzielonych odpowiedzi
Twoja historia wyników
Nie rozwiązałeś tego quizu